Redes de innovación en el sistema de traspatio de la Ciudad de México / (Record no. 111079)
[ view plain ]
| 000 -CABECERA | |
|---|---|
| campo de control de longitud fija | 01406nam a2200361 a 4500 |
| 001 - NÚMERO DE CONTROL | |
| campo de control | 000114618 |
| 003 - IDENTIFICADOR DEL NÚMERO DE CONTROL | |
| campo de control | CHAP |
| 005 - FECHA Y HORA DE LA ÚLTIMA TRANSACCIÓN | |
| campo de control | 20220329144450.0 |
| 008 - DATOS DE LONGITUD FIJA--INFORMACIÓN GENERAL | |
| campo de control de longitud fija | 180309s2017 mx a fsm |||||||spa d |
| 010 ## - NÚMERO DE CONTROL DE LA BIBLIOTECA DEL CONGRESO | |
| Número de control de LC | 111079 |
| 011 ## - ENLACE DEL NUMERO DE CONTROL DE LA BIBLIOTECA DEL CONGRESO [OBSOLETO] | |
| Número de control de LC | 112051 |
| 040 ## - FUENTE DE LA CATALOGACIÓN | |
| Centro/agencia transcriptor | CHAP |
| 090 ## - LOCALMENTE ASIGNADO TIPO-LC NÚMERO DE CLASIFICACIÓN (OCLC); NÚMERO DE CLASIFICACIÓN LOCAL (RLIN) | |
| Número de clasificación (OCLC) (R) ; Numero de clasificación, CALL (RLIN) (NR) | Tesis |
| 100 1# - ENTRADA PRINCIPAL--NOMBRE DE PERSONA | |
| Nombre de persona | González Ramírez, Alejandro |
| 9 (RLIN) | 134828 |
| 245 10 - MENCIÓN DE TÍTULO | |
| Título | Redes de innovación en el sistema de traspatio de la Ciudad de México / |
| Medio | [En línea] |
| Mención de responsabilidad, etc. | por Alejandro González Ramírez. |
| 260 ## - PUBLICACIÓN, DISTRIBUCIÓN, ETC. | |
| Lugar de publicación, distribución, etc. | Chapingo, Méx. : |
| Nombre del editor, distribuidor, etc. | El autor, |
| Fecha de publicación, distribución, etc. | 2017. |
| 500 ## - NOTA GENERAL | |
| Nota general | Para ver el contenido del material haga clic en la liga |
| 502 ## - NOTA DE TESIS | |
| Nota de tesis | Tesis (Lic. en Redes Agroalimentarias) -- UACH. Centro Regional Universitario Oriente |
| 590 ## - NOTA LOCAL (RLIN) | |
| Nota local | BATCH-UPD |
| Procedencia (VM) [OBSOLETO] | 05 |
| Condición del los carretes individuales (VM) [OBSOLETO] | 20180313 |
| -- | UCH01 |
| -- | 1001 |
| 590 ## - NOTA LOCAL (RLIN) | |
| Nota local | E8697GMM |
| Procedencia (VM) [OBSOLETO] | 05 |
| Condición del los carretes individuales (VM) [OBSOLETO] | 20180309 |
| -- | UCH01 |
| -- | 1446 |
| 590 ## - NOTA LOCAL (RLIN) | |
| Nota local | E8697GMM |
| Procedencia (VM) [OBSOLETO] | 05 |
| Condición del los carretes individuales (VM) [OBSOLETO] | 20180309 |
| -- | UCH01 |
| -- | 1449 |
| 590 ## - NOTA LOCAL (RLIN) | |
| Nota local | E8697GMM |
| Procedencia (VM) [OBSOLETO] | 05 |
| Condición del los carretes individuales (VM) [OBSOLETO] | 20180313 |
| -- | UCH01 |
| -- | 1001 |
| 590 ## - NOTA LOCAL (RLIN) | |
| Nota local | E8697GMM |
| Procedencia (VM) [OBSOLETO] | 05 |
| Condición del los carretes individuales (VM) [OBSOLETO] | 20180313 |
| -- | UCH01 |
| -- | 1001 |
| 590 ## - NOTA LOCAL (RLIN) | |
| Nota local | E8697GMM |
| Procedencia (VM) [OBSOLETO] | 05 |
| Condición del los carretes individuales (VM) [OBSOLETO] | 20180314 |
| -- | UCH01 |
| -- | 0927 |
| 590 ## - NOTA LOCAL (RLIN) | |
| Nota local | E8697GMM |
| Procedencia (VM) [OBSOLETO] | 05 |
| Condición del los carretes individuales (VM) [OBSOLETO] | 20180314 |
| -- | UCH01 |
| -- | 0927 |
| 650 14 - PUNTO DE ACCESO ADICIONAL DE MATERIA--TÉRMINO DE MATERIA | |
| Término de materia o nombre geográfico como elemento de entrada | Agricultura de subsistencia |
| Subdivisión general | Programas de capacitación. |
| 9 (RLIN) | 134845 |
| 650 14 - PUNTO DE ACCESO ADICIONAL DE MATERIA--TÉRMINO DE MATERIA | |
| Término de materia o nombre geográfico como elemento de entrada | Agricultura de subsistencia |
| Subdivisión general | Rendimiento. |
| 9 (RLIN) | 134846 |
| 650 14 - PUNTO DE ACCESO ADICIONAL DE MATERIA--TÉRMINO DE MATERIA | |
| Término de materia o nombre geográfico como elemento de entrada | Agricultura de subsistencia |
| Subdivisión geográfica | México (D.F.). |
| 9 (RLIN) | 134844 |
| 856 ## - LOCALIZACIÓN Y ACCESO ELECTRÓNICOS | |
| Nombre del host | Finding aid |
| Identificador Uniforme del Recurso | <a href="http://10.13.5.2/tesis/sist114618.pdf">http://10.13.5.2/tesis/sist114618.pdf</a> |
| Nota pública | Teclea aquí |
| 901 ## - ELEMENTOS DE DATOS A LOCAL LDA (RLIN) | |
| a | BK |
| 942 ## - ELEMENTOS DE PUNTO DE ACCESO ADICIONAL (KOHA) | |
| Tipo de ítem Koha | Tesis |
| 942 ## - ELEMENTOS DE PUNTO DE ACCESO ADICIONAL (KOHA) | |
| Suprimir en OPAC | 0 |
| Estado de retiro | Estado de pérdida | Estado dañado | Restricciones de uso | No para préstamo | Código de colección | Localización permanente | Ubicación/localización actual | Fecha de adquisición | Información codificada de la localización en otra ubicación | Total de préstamos | Signatura topográfica completa | Código de barras | Fecha visto por última vez | Precio válido a partir de | Tipo de ítem Koha | Nota pública | Fuente del sistema de clasificación o colocación | Ubicación en estantería | Número de copia |
|---|---|---|---|---|---|---|---|---|---|---|---|---|---|---|---|---|---|---|---|
| Préstamo interno2 | Excluido de préstamo | Tesis | Biblioteca Central | Biblioteca Central | 09/03/2018 | TESIS | Tesis | 114619-10 | 31/12/2019 | 31/12/2019 | Tesis | Recien adquirido | |||||||
| Préstamo 3 días | Tesis | Biblioteca Central | Biblioteca Central | 09/03/2018 | TESIS | Tesis | 114619-20 | 31/12/2019 | 31/12/2019 | Tesis | Clasificación Universidad Autónoma de Chapingo | Planta alta - Área de Tesis - Tesis | c.2 |
